000 00338 a2200157 4500
001 61023
020 _a
040 _cAnchieta - Pituba
100 _aDurigan, Jesus Antônio
240 1 0 _aAlexandre Herculano
_lpor
245 1 0 _aAlexandre Herculano
300 _a108
362 0 _a1982
650 4 _aAnálise e crítica
942 _cBK
999 _c61023
_d61023